000 00580nam a22001697a 4500
005 20251108171132.0
008 250721s1985 xx 000 0 ara d
082 1 4 _a232.9/جلا
100 1 _aالسيوطي، جلال الدين أبو الفضل عبد الرحمن ... الخضري
245 1 0 _aنزول عيسى بن مريم آخر الزمان /
264 1 _aبيروت :
_bدار الكتب العلمية،
_c1985.
300 _a94ص
650 1 7 _aالمسيح
700 1 _aعطا، محمد عبد القادر
_eتحقيق
942 _2ddc
_cBK
999 _c57500
_d57500